| 000 | 00642nam a2200217 a 4500 | ||
|---|---|---|---|
| 005 | 20210219153445.0 | ||
| 008 | 991125n 000 0 u | ||
| 035 | _aUPN01000101007 | ||
| 100 | 1 | _aSummers, Mike K. | |
| 222 | 0 | _aBRITISH EDUCATIONAL RESEARCH JOURNAL | |
| 245 | 0 | 0 | _aStarting teacher training-new PGCE students and computers |
| 260 | _aInglaterra | ||
| 300 | _a79-88 | ||
| 362 | 0 | _a1990 Vol. 16, no. 1 | |
| 653 | 0 | _aACTITUDES DEL ESTUDIANTE | |
| 653 | 0 | _aALFABETIZACION EN COMPUTADORA | |
| 653 | 0 | _aINVESTIGACION EDUCATIVA | |
| 653 | 0 | _aPROGRAMAS DE EDUCACION A MAESTROS | |
| 904 |
_aAC _b038818 |
||
| 905 | _aArticulo | ||
| 999 |
_c77367 _d77367 |
||